000 00259nam a22001337a 4500
020 _a0-8423-7441-8
082 _a200
_bWEB/I
100 _aWEBER, STU
245 _aINFINITE IMPACT
260 _bTYNDALEW
300 _a200
650 _aSPIRITUAL
942 _cBK
999 _c4798
_d4798